000 00711npc a2200205Ia 4500
001 dd3-774 [d000000694]
003 IT-MiCISF
008 161014s9999||||xx | und||
040 _aIT-MiCISF
_cIT-MiCISF
041 _ait
100 _aAA.VV.
245 0 _aFamiglie in difficoltà e famiglie "risorsa"
250 _a1a ed.
260 _bCaritas italiana
_c1991
300 _app.assim.
500 _aCaritas Europa / famiglia, famiglia-problematica, associazioni, servizi, società, solidarietà, esperienze, affido, handicap, divorzio, giovani, disadattamento, disoccupazione, tossicodipendenza, emarginazione /
650 _aservizi-alla-persona
942 _cDD
957 _71
999 _a774
_bsi
_g1
_c208113
_d208113